Búsqueda y plasmación de nuestra personalidad (Record no. 38748)

MARC details
000 -LEADER
campo de control de longitud fija 00618nam a2200169 i 4500
001 - NÚMERO DE CONTROL
campo de control 38748
003 - IDENTIFICADOR DE NÚMERO DE CONTROL
campo de control ES-MaACL
005 - FECHA Y HORA DE LA ÚLTIMA TRANSACCIÓN
campo de control 20230906155819.0
007 - CAMPO FIJO DE DESCRIPCIÓN FÍSICA--INFORMACIÓN GENERAL
campo de control de longitud fija t|
008 - DATOS DE LONGITUD FIJA--INFORMACIÓN GENERAL
campo de control de longitud fija 030226s1958 pr ||||1| spa d
245 00 - MENCIÓN DEL TÍTULO
Título Búsqueda y plasmación de nuestra personalidad
Resto del título : antología crítica del ensayo puertorriqueño desde sus orígenes hasta la Generación del 30 /
Mención de responsabilidad, etc. Mariana Robles de Cardona.
250 ## - MENCION DE EDICION
Mención de edición [1ª ed.].
260 ## - PUBLICACIÓN, DISTRIBUCIÓN, ETC.
Lugar de publicación, distribución, etc. San Juan de Puerto Rico :
Nombre del editor, distribuidor, etc. Club de Prensa,
Fecha de publicación, distribución, etc. 1958 (
Fabricante Rumbos)
300 ## - DESCRIPCIÓN FÍSICA
Extensión 415 p. ;
Dimensiones 23 cm.
700 1# - ENTRADA AGREGADA--NOMBRE PERSONAL
Nombre de persona Robles de Cardona, Mariana.
9 (RLIN) 97945
852 ## - LOCALIZACIÓN
Ubicación ES-MaACL
Número de control de estantería C-27802
Sublocalización o colección R.57161
Holdings
Estatus retirado Estado de pérdida Estado de daño No para préstamo Biblioteca de origen Biblioteca actual Ubicación en estantería Fecha de adquisición Fuente de adquisición Total de préstamos Signatura topográfica completa Código de barras Visto por última vez Precio de reemplazo Tipo de ítem Koha
        Biblioteca del Ateneo de Madrid Biblioteca del Ateneo de Madrid Depósito 2 17/01/2008     C-27802 1040803 23/02/2023 23/02/2023 Libro impreso